00000000cam 2200000zi 4500
0019.963067
003CaOODSP
00520260526084437
006m     o  d f      
007cr mn|||||||||
008260526e195106##bccb    o    f001 0 eng d
040 |aCaOODSP|beng|erda|cCaOODSP
043 |an------|an-cn-bc
0861 |aFs52-3/438E-PDF
24500|aObservations of sea water temperature, salinity, and density on the Pacific Coast of Canada / |cprepared by Pacific Oceanographic Group.
250 |aVolume X 1950.
264 1|aNanaimo, B.C. : |bFisheries Research Board of Canada, Pacific Biological Station, |cJune, 1951.
300 |a1 online resource (59 pages) : |bmaps.
336 |atext|btxt|2rdacontent
337 |acomputer|bc|2rdamedia
338 |aonline resource|bcr|2rdacarrier
4901 |aManuscript reports of the biological stations ; |vno. 438
500 |aIncludes index.
500 |aDigitized edition from print [produced by Department of Fisheries and Oceans].
520 |a"Since 1934, daily observations of the temperature and salinity of the sea water have been made at a number of exposed and sheltered locations along the British Columbia coast"--Page 3.
650 0|aOcean temperature|zBritish Columbia|zPacific Coast|vObservations.
650 0|aOcean salinity|zBritish Columbia|zPacific Coast|vObservations.
650 0|aSeawater|xDensity|zBritish Columbia|zPacific Coast|vObservations.
650 6|aMer|xTempérature|zColombie-Britannique|zPacifique, Côte du|vObservations.
650 6|aMer|xSalinité|zColombie-Britannique|zPacifique, Côte du|vObservations.
650 6|aEau de mer|xDensité|zColombie-Britannique|zPacifique, Côte du|vObservations.
7102 |aPacific Oceanographic Group (Canada), |eissuing body.
7102 |aFisheries Research Board of Canada. |bBiological Station (Nanaimo, B.C.), |eissuing body.
830#0|aManuscript reports of the biological stations ;|vno. 438.|w(CaOODSP)9.899091
85640|qPDF|s4.81 MB|uhttps://publications.gc.ca/collections/collection_2026/mpo-dfo/fs52-3/Fs52-3-438-eng.pdf